000 00280nam a22001217a 4500
008 180927b xxu||||| |||| 00| 0 eng d
041 _aeng
080 _a341
100 _a15
101 _aSHJ
245 _aSecurities Litigation Forms & Analysis
_cRichter, S.E
942 _2udc
_cBK
999 _c48611
_d48611